LEADER 01076nam a22002651i 4500 001 991002235379707536 005 20030513155948.0 008 030925s1977 it |||||||||||||||||ita 035 $ab12260873-39ule_inst 035 $aARCHE-030846$9ExL 040 $aBiblioteca Interfacoltà$bita$cA.t.i. Arché s.c.r.l. Pandora Sicilia s.r.l. 082 04$a193 100 1 $aUnia, Albano$0452841 245 10$a"Meinong e la teoria degli oggetti" /$cAlbano Unia 260 $a[Sassari] :$bpresso l'Istituto di filosofia,$c1977 300 $a24 p. ;$c25 cm. 440 0$aUniversità di Sassari.$pMemorie del seminario di storia della filosofia della Facoltà di Magistero ;$v6 650 4$aMeinong, Alexius$xPensiero filosofico 650 4$aPositivismo 907 $a.b12260873$b02-04-14$c08-10-03 912 $a991002235379707536 945 $aLE002 D Ann. 915/5$g1$i2002000038500$lle002$o-$pE0.00$q-$rl$so $t0$u0$v0$w0$x0$y.i12651254$z08-10-03 996 $a"Meinong e la teoria degli oggetti"$9152132 997 $aUNISALENTO 998 $ale002$b08-10-03$cm$da $e-$fita$git $h0$i1 LEADER 03679 am 22005173u 450 001 9910765716903321 005 20181004 010 $a91-7635-067-3 024 7 $a10.16993/baq 035 $a(CKB)4100000006999977 035 $a(OAPEN)1001615 035 $a(NjHacI)994100000006999977 035 $a(EXLCZ)994100000006999977 100 $a20181004d|||| uy 101 0 $aeng 135 $auuuuu---auuuu 181 $ctxt$2rdacontent 182 $cc$2rdamedia 183 $acr$2rdacarrier 200 14$aThe Power of the In-Between 210 $aStockholm$cStockholm University Press$d2018 215 $a1 online resource (442) 225 1 $aStockholm Studies in Culture and Aesthetics ;$vVolume 5 300 $aIncludes index. 311 $a91-7635-064-9 330 $a"The Power of the In-Between: Intermediality as a Tool for Aesthetic Analysis and Critical Reflection gathers fourteen individual case studies where intermedial issues?issues concerning that which takes place in between media?are explored in relation to a range of different cultural objects and contexts, different methodological approaches, and different disciplinary perspectives. The cases investigate the intermediality of such manifold objects and phenomena as contemporary installation art, twentieth-century geography books, renaissance sculpture, media theory, and public architecture of the 1970s. They also bring together scholars from the disciplines of art history, comparative literature, theatre studies, musicology, and the history of ideas. Starting out from an inclusive understanding of intermediality as ?relations between media conventionally perceived as different,? each author specifies and investigates ?intermediality? in their own particular case; that is, each examines how it is inflected by particular objects, methods, and research questions. ?Intermediality? thus serves both as a concept employed to cover an inclusive range of cultural objects, cultural contexts, methodological approaches, and so on, and as a concept to be modelled out by the particular cases it is brought to bear on. Rather than merely applying a predefined concept, the objectives are experimental. The authors explore the concept of intermediality as a malleable tool of research. This volume further makes a point of transgressing the divide between media history and semiotically and/or aesthetically oriented intermedial studies. The former concerns the specificity of media technologies and media interrelations in socially, politically, and epistemologically defined space and time, and the latter targets formal considerations of media objects and its various meaning-making elements. These two conventionally separated fields of research are integrated in order to produce a richer understanding of the analytical and historical, as well as the aesthetic and technological, conditions and possibilities of intermedial phenomena. " 410 0$aStockholm studies in culture and aesthetics ;$vVolume 5. 517 $aStockholm Studies in Culture and Aesthetics vol. 5 606 $aThe arts$2bicssc 606 $aThe arts: general issues$2bicssc 606 $aInterdisciplinary studies$2bicssc 606 $aHumanities$2bicssc 606 $aMedia studies$2bicssc 615 7$aThe arts 615 7$aThe arts: general issues 615 7$aInterdisciplinary studies 615 7$aHumanities 615 7$aMedia studies 676 $a700 702 $aPetersson$b Sonya 801 0$bNjHacI 801 1$bNjHacl 906 $aBOOK 912 $a9910765716903321 996 $aThe Power of the In-Between$93654147 997 $aUNINA